000 00619nam a2200193Ia 4500
003 GCL
005 20240530095531.0
008 140319s9999 xx 000 0 ara d
040 _aGCL /
_cGCL
082 0 4 _a923.1
_bق/م ن
245 1 0 _aناريمان الملكة الاخيرة
260 _aالقاهرة :
_bمؤسسة الاهرام ،
_c2005
300 _a307 ص ؛
_c28 سم
650 0 4 _aمصر - الملكات
650 0 4 _aمصر - تاريخ - العصر الحديث - الملك فاروق ( 1936-1952 م )
650 0 4 _aناريمان
650 0 4 _aالملكات - تراجم
942 _2ddc
_cBK
999 _c8152
_d8152